[Event "PNWCC Online blitz JP 2nd"]
[Site "Chess.com INT"]
[Date "2020.03.21"]
[Round "8"]
[White "Yang, Kevin S"]
[Black "Vu, Leonard"]
[Result "1-0"]
[WhiteElo "2275"]
[BlackElo "1813"]
[PlyCount "87"]
[EventDate "2020.03.21"]
[EventType "swiss (blitz)"]
[EventRounds "11"]
[EventCountry "USA"]
[SourceTitle "CBM 195 Extra"]
[Source "ChessBase"]
[SourceDate "2020.05.31"]
[SourceVersion "1"]
[SourceVersionDate "2020.05.31"]
[SourceQuality "1"]

1. e4 c5 2. Nf3 d6 3. d4 cxd4 4. Nxd4 Nf6 5. Nc3 g6 6. Be3 Bg7 7. f3 a6 8. Qd2 h5 9. Be2 b5 10. 0-0-0 Bb7 11. h3 Nbd7 12. g4 Nb6 13. gxh5 Nxh5 14. Rhg1 Rc8 15. f4 Nc4 16. Bxc4 Rxc4 17. f5 b4 18. Nd5 e6 19. fxe6 fxe6 20. Nxe6 Qd7 21. Rxg6 Rxe4 22. Nxg7+ Kf7 23. Nxh5 Kxg6 24. Nhf6 Qe6 25. Nxe4 Qxe4 26. Nf4+ Kf5 27. Qd3 Rxh3 28. Qxe4+ Kxe4 29. Bd2 Rf3 30. Ne6 Ke5 31. Nd8 Be4 32. Bxb4 Rf2 33. Bc3+ Kf5 34. Bd2 d5 35. Nc6 Ke6 36. Nd4+ Kd6 37. Be3 Rg2 38. Bf4+ Kc5 39. Nb3+ Kc4 40. Rd4+ Kb5 41. Rd1 Rxc2+ 42. Kb1 Rd2+ 43. Kc1 Rxb2 44. Kxb2 1-0

[Event "Windsor NAYCC U10"]
[Site "Windsor"]
[Date "2016.08.11"]
[Round "8.135"]
[White "Rusonik, Max"]
[Black "Vu, Leonard"]
[Result "1-0"]
[WhiteElo "1804"]
[BlackElo "1862"]
[PlyCount "43"]
[EventDate "2016.08.07"]
[EventType "swiss"]
[EventRounds "9"]
[EventCountry "CAN"]
[SourceTitle "EXT 2022"]
[Source "ChessBase"]
[SourceDate "2021.10.06"]
[SourceVersion "1"]
[SourceVersionDate "2021.10.06"]
[SourceQuality "1"]

1. e4 c5 2. Nf3 d6 3. d4 cxd4 4. Nxd4 Nf6 5. Nc3 g6 6. f4 Bg7 7. e5 dxe5 8. fxe5 Ng4 9. Bb5+ Kf8 10. Ne6+ fxe6 11. Qxd8+ Kf7 12. 0-0+ Nf6 13. Qc7 Na6 14. Bxa6 bxa6 15. exf6 Bxf6 16. Ne4 Kg7 17. Nxf6 Kf7 18. Nd5+ Kg8 19. Rf8+ Kxf8 20. Bh6+ Kg8 21. Qd8+ Kf7 22. Rf1# 1-0